World Cities by Rail transit picture - Statistics

General Stats
  • This quiz has been taken 219 times
  • The average score is 4 of 8
Answer Stats
Picture Answer % Correct
Chicago
85%
Hong Kong
74%
Paris
74%
Shanghai
74%
Sydney
48%
Vienna
44%
Sao Paulo
32%
Cape Town
14%
No matching quizzes found
Score Distribution
Percent of People with Each Score
Percentile by Number Answered
Your Score History
You have not taken this quiz